| 000 | 00727nam a22002537a 4500 | ||
|---|---|---|---|
| 001 | BR6600333 | ||
| 003 | BR-BrBNA | ||
| 005 | 20230928083439.0 | ||
| 007 | ta | ||
| 008 | 230509b bl.||||| |||| 00| 0 por d | ||
| 040 |
_aBR-BrBNA _bpor _cBiblioteca Nacional de Agricultura |
||
| 041 | _a(Por) | ||
| 072 |
_aQ10; E70 _b2120 _b9910 _b/G514 |
||
| 090 | _ 2120 BR6600333 | ||
| 110 | 1 |
_aCompanhia de Desenvolvimento Economico do Parana, Curitiba (Brasil) _92375 |
|
| 245 | 1 | _aConsideracoes sobre a producao de cafe soluvel [Brasil] | |
| 260 | 3 |
_aCuritiba, PR (Brasil): _c1966. |
|
| 300 | _a21 p. | ||
| 650 | _aCAFE SOLUVEL | ||
| 650 | _aMERCADO | ||
| 650 | _aCONSUMO | ||
| 909 |
_a202309 _bLucia _c55 _dLucia Elande |
||
| 942 | _cBK | ||
| 999 |
_c13526 _d13526 |
||